Practical computer network analysis and design

Powerful, mission-critical networks that carry real-time applications, multimedia, or just heavy traffic are increasingly complex and costly to build. Design decisions based on insufficient or flawed analysis can have drastic consequences in both efficiency and expense. Practical Computer Network An...

Deskribapen osoa

Gorde:
Xehetasun bibliografikoak
Egile nagusia: McCabe, James D.
Formatua: Liburua
Hizkuntza:Undetermined
Argitaratua: San Francisco, Calif. Morgan Kaufmann Publishers 1998
Gaiak:
Etiketak: Etiketa erantsi
Etiketarik gabe, Izan zaitez lehena erregistro honi etiketa jartzen!
Thư viện lưu trữ: Trung tâm Học liệu Trường Đại học Cần Thơ
LEADER 01528nam a2200205Ia 4500
001 CTU_232364
008 210402s9999 xx 000 0 und d
082 |a 004.65 
082 |b M478 
100 |a McCabe, James D. 
245 0 |a Practical computer network analysis and design 
245 0 |c James D. McCabe 
260 |a San Francisco, Calif. 
260 |b Morgan Kaufmann Publishers 
260 |c 1998 
520 |a Powerful, mission-critical networks that carry real-time applications, multimedia, or just heavy traffic are increasingly complex and costly to build. Design decisions based on insufficient or flawed analysis can have drastic consequences in both efficiency and expense. Practical Computer Network Analysis and Design prepares you to make the best decisions by applying sound, tested design principles to your network and considering the system-wide effects of each decision. The author provides a step-by-step process for analyzing user requirements, visualizing the network structure in terms of traffic flows, and doing quantitative measurements. Once you have a clear, scientifically based picture of you network environment, he guides you in developing strategies for routing, addressing, security, and network management and then in choosing and integrating technologies to realize your plan. 
650 |a Mạng máy tính,Computer networks 
650 |x Cấu trúc và thiết kế,Design and construction 
910 |b dqhieu 
980 |a Trung tâm Học liệu Trường Đại học Cần Thơ